000 00338nam a2200133Ia 4500
008 240624s9999 xx 000 0 und d
041 _aeng
082 _a200 EAS
100 _aEASWARAN EKNATH
245 _aYOUR LIFE IS YOUR MESSAGE
260 _c2009
_aMumbai
_bJaico Publishing House
300 _a125 : p. : cm. ; 17
365 _cRS
_b15
999 _c14683
_d14683